test - Statystyki

Ogólne statystyki
  • Ten quiz został rozwiązany 7 razy
  • Średni wynik to 8 z 29
Statystyki odpowiedzi
Hint Odpowiedź % Poprawnych
a
100%
a fait
25%
1 alle
25%
a mis
25%
as mange
25%
avez eu
25%
bu
25%
descendu
25%
du
25%
est
25%
3 est partie
25%
est tombee
25%
etes
25%
eu
25%
fait
25%
4 n a pas ete
25%
n as pas telephone
25%
n est pas vevenu
25%
ont
25%
pris
25%
2 sommes
25%
sont alles
25%
sont nes
25%
venu
25%
voulu
25%
vous etes dispude (e) s
25%
vu
25%
ne suis pas repose
0%
s est levee
0%
Nie znaleziono quizów pasujących do podanych kryteriów
Rozkład punktacji
Procent ludzi z każdym wynikiem
Percentyl według liczby udzielonych odpowiedzi
Twoja historia wyników
Nie rozwiązałeś tego quizu